Statistics for Biggest Cities founded by the Romans on a Map

Click here to take the quiz!

General Stats

  • This quiz has been taken 295 times
  • The average score is 28 of 40

Answers on the Map

Answers color-coded by a green-red scale on the quiz's map according to % correct below.
 

Answer Stats

Pop.City% Correct
14.8 milLondon
100%
11.4 milParis
99%
3.58 milRome
98%
4.78 milBarcelona
97%
16.0 milIstanbul
97%
2.25 milVienna
95%
3.05 milManchester
94%
2.63 milBudapest
92%
433kVenice
92%
1.98 milLyon
90%
1.43 milZurich
90%
1.01 milFlorence
88%
1.84 milValencia
88%
1.29 milSeville
87%
1.64 milTurin
87%
3.25 milFrankfurt
85%
476kBratislava
83%
5.00 milCologne
83%
373kLjubljana
83%
2.18 milLeeds
80%
1.48 milNewcastle
76%
2.40 milStuttgart
76%
472kPalma de Mallorca
75%
542kStrasbourg
71%
613kBologna
67%
726kZaragoza
67%
1.16 milSouthampton
66%
995kUtrecht
58%
379kLinz
55%
388kA Coruña
53%
813kAachen
52%
428kLausanne
50%
322kCórdoba
49%
712kLeicester
46%
355kPamplona
41%
515kAugsburg
36%
446kMetz
35%
402kTarragona
29%
349kKoblenz
20%
345kMassa
13%

Score Distribution

Percentile by Number Answered

Percent of People with Each Score

Your Score History

You have not taken this quiz